Blue shift in absorption edge of polycrystalline zinc oxide modified by nanoparticles before and after irradiation exposure; Nuclear Instruments and Methods in Physics Research Section B: Beam Interactions with Materials and Atoms; Vol. 418

Bibliographic Details
Parent link:Nuclear Instruments and Methods in Physics Research Section B: Beam Interactions with Materials and Atoms
Vol. 418.— 2018.— [Р. 18-26]
Corporate Author: Национальный исследовательский Томский политехнический университет (ТПУ) Институт неразрушающего контроля (ИНК) Проблемная научно-исследовательская лаборатория электроники, диэлектриков и полупроводников (ПНИЛ ЭДиП)
Other Authors: Mikhaylov M. M. Mikhail Mikhaylovich, Neshchimenko V. V. Vitaly Vladimirovich, Li Chundong, Vlasov V. A. Vitaliy Anatolievich
Summary:Title screen
The effect on band gap (Eg) and crystal structure of ZnO modified by Al2O3, ZrO2, SiO2, CeO2, TiO2 and Y2O3 nanoparticles at concentrations less than 30wt% has been investigated. Established that change of Eg reach to 0.03eV and determined by charge of cations and their radius, as well as the concentration of the nanoparticles. Lattice parameters changes at modifying by nanoparticles with a smaller and larger radius of cations than the ion Zn2+. Influence of 100?keV protons irradiation result in blue shift in absorption edge of polycrystalline zinc oxide modified by Al2O3, ZrO2, SiO2, CeO2, TiO2 and Y2O3 nanoparticles.
Режим доступа: по договору с организацией-держателем ресурса
Language:English
Published: 2018
Subjects:
Online Access:https://doi.org/10.1016/j.nimb.2017.12.015
Format: Electronic Book Chapter
KOHA link:https://koha.lib.tpu.ru/cgi-bin/koha/opac-detail.pl?biblionumber=658684

MARC

LEADER 00000naa0a2200000 4500
001 658684
005 20250213153545.0
035 |a (RuTPU)RU\TPU\network\26647 
090 |a 658684 
100 |a 20181031d2018 k||y0rusy50 ba 
101 0 |a eng 
102 |a NL 
135 |a drcn ---uucaa 
181 0 |a i  
182 0 |a b 
200 1 |a Blue shift in absorption edge of polycrystalline zinc oxide modified by nanoparticles before and after irradiation exposure  |f M. M. Mikhaylov [et al.] 
203 |a Text  |c electronic 
300 |a Title screen 
320 |a [References: 52 tit.] 
330 |a The effect on band gap (Eg) and crystal structure of ZnO modified by Al2O3, ZrO2, SiO2, CeO2, TiO2 and Y2O3 nanoparticles at concentrations less than 30wt% has been investigated. Established that change of Eg reach to 0.03eV and determined by charge of cations and their radius, as well as the concentration of the nanoparticles. Lattice parameters changes at modifying by nanoparticles with a smaller and larger radius of cations than the ion Zn2+. Influence of 100?keV protons irradiation result in blue shift in absorption edge of polycrystalline zinc oxide modified by Al2O3, ZrO2, SiO2, CeO2, TiO2 and Y2O3 nanoparticles. 
333 |a Режим доступа: по договору с организацией-держателем ресурса 
461 1 |t Nuclear Instruments and Methods in Physics Research Section B: Beam Interactions with Materials and Atoms 
463 1 |t Vol. 418  |v [Р. 18-26]  |d 2018 
610 1 |a электронный ресурс 
610 1 |a труды учёных ТПУ 
610 1 |a оксид цинка 
610 1 |a наночастицы 
610 1 |a оптические свойства 
610 1 |a кристаллическая структура 
610 1 |a излучение 
701 1 |a Mikhaylov  |b M. M.  |g Mikhail Mikhaylovich 
701 1 |a Neshchimenko  |b V. V.  |g Vitaly Vladimirovich 
701 0 |a Li Chundong 
701 1 |a Vlasov  |b V. A.  |c Physicist  |c Senior researcher of Tomsk Polytechnic University, Candidate of physical and mathematical sciences  |f 1975-  |g Vitaliy Anatolievich  |3 (RuTPU)RU\TPU\pers\31405  |9 15577 
712 0 2 |a Национальный исследовательский Томский политехнический университет (ТПУ)  |b Институт неразрушающего контроля (ИНК)  |b Проблемная научно-исследовательская лаборатория электроники, диэлектриков и полупроводников (ПНИЛ ЭДиП)  |3 (RuTPU)RU\TPU\col\19033 
801 2 |a RU  |b 63413507  |c 20181031  |g RCR 
856 4 |u https://doi.org/10.1016/j.nimb.2017.12.015 
942 |c CF